|
|
|
|
| LEADER |
00000nam0a2200000 4500 |
| 001 |
333484 |
| 005 |
20231102004547.0 |
| 035 |
|
|
|a (RuTPU)RU\TPU\book\359479
|
| 090 |
|
|
|a 333484
|
| 100 |
|
|
|a 20170616d1973 km y0rusy50 ca
|
| 101 |
0 |
|
|a rus
|
| 102 |
|
|
|a RU
|
| 105 |
|
|
|a a z 001zy
|
| 200 |
1 |
|
|a Графо-аналитический метод исследования движения космических аппаратов
|f А. И. Беляков
|
| 210 |
|
|
|a Москва
|c Машиностроение
|d 1973
|
| 215 |
|
|
|a 148 с.
|c ил.
|
| 320 |
|
|
|a Библиогр.: с. 144-146
|
| 606 |
1 |
|
|a Искусственные спутники Земли
|x Движение
|2 stltpush
|3 (RuTPU)RU\TPU\subj\13175
|9 39826
|
| 610 |
1 |
|
|a скорость
|
| 610 |
1 |
|
|a аномалии
|
| 610 |
1 |
|
|a астрономические номограммы
|
| 610 |
1 |
|
|a математические номограммы
|
| 610 |
1 |
|
|a формулы
|
| 610 |
1 |
|
|a расчет
|
| 610 |
1 |
|
|a характеристики
|
| 610 |
1 |
|
|a элементы
|
| 610 |
1 |
|
|a небесная механика
|
| 610 |
1 |
|
|a небесные тела
|
| 610 |
1 |
|
|a орбитальные параметры
|
| 675 |
|
|
|a 629.783
|v 4
|
| 700 |
|
1 |
|a Беляков
|b А. И.
|
| 801 |
|
1 |
|a RU
|b 63413507
|c 20170616
|
| 801 |
|
2 |
|a RU
|b 63413507
|c 20170616
|g RCR
|
| 942 |
|
|
|c BK
|